| 000 | 00579nam a2200181 i 4500 | ||
|---|---|---|---|
| 001 | 29241 | ||
| 003 | ES-MaACL | ||
| 005 | 20230906154010.0 | ||
| 007 | t| | ||
| 008 | 030121s1866 fr ||||1| fre d | ||
| 100 | 1 |
_aBalzac, Honoré de, _d1799-1850 _925139 |
|
| 245 | 1 | 0 |
_aScénes de la vie politique _b: une tenebreuse affaire ; un épisode sous la terreur / _cHonoré de Balzac. |
| 260 |
_aParís : _b[s.n., _c1866 ( _fSaint Germain L. Toinon) |
||
| 300 |
_a312 p. ; _c17 cm. |
||
| 740 | 0 | _aUne épisode sous la terreur. | |
| 852 |
_aES-MaACL _jD-2963 |
||
| 999 |
_c29241 _d29241 |
||